Livestock & the environment : (Record no. 16119)

000 -LEADER
fixed length control field 01123cam a2200229 a 4500
040 ## - CATALOGING SOURCE
Transcribing agency DJB
082 ## - DEWEY DECIMAL CLASSIFICATION NUMBER
Classification number 338 BRU 1997 A089 Or.
100 1# - MAIN ENTRY--AUTHOR NAME
Personal name Haan, Cees de,
245 10 - TITLE STATEMENT
Title Livestock & the environment :
Remainder of title finding a balance /
246 3# - VARYING FORM OF TITLE
Title proper/short title Livestock and the environment
260 ## - PUBLICATION, DISTRIBUTION, ETC. (IMPRINT)
Place of publication [Brussels? Belgium] :
Name of publisher European Commission Directorate-General for Development, Development Policy Sustainable Development and Natural Resources,
Year of publication [1997]
300 ## - PHYSICAL DESCRIPTION
Number of Pages 115 p. :
Other physical details ill. ;
Dimensions 30 cm.
500 ## - GENERAL NOTE
General note "Report of a study sponsored by the Commission of the European Communities, the World Bank and the governments of Denmark, France, Germany, the Netherlands, United Kingdom and United States of America. The study was coordinated by the Food and Agriculture Organization of the United Nations, the United States Agency for International Development and the World Bank"--Cover.
650 #0 - SUBJECT ADDED ENTRY--TOPICAL TERM
Topical Term Livestock
650 #0 - SUBJECT ADDED ENTRY--TOPICAL TERM
Topical Term Livestock systems
650 #0 - SUBJECT ADDED ENTRY--TOPICAL TERM
Topical Term Animal industry
700 1# - ADDED ENTRY--PERSONAL NAME
Personal name Steinfeld, Henning.
700 1# - ADDED ENTRY--PERSONAL NAME
Personal name Blackburn, H. D.
710 2# - ADDED ENTRY--CORPORATE NAME
Corporate name or jurisdiction name as entry element Commission of the European Communities.
710 2# - ADDED ENTRY--CORPORATE NAME
Corporate name or jurisdiction name as entry element World Bank.
942 ## - ADDED ENTRY ELEMENTS (KOHA)
Koha item type សៀវភៅភាសាអង់គ្លេស
952 ## - LOCATION AND ITEM INFORMATION (KOHA)
Withdrawn status [LOCAL, KOHA] 0
Holdings
Permanent Location Date acquired Koha item type Lost status Shelving location Barcode Current Location Full call number
Library Block A2018-01-12សៀវភៅភាសាអង់គ្លេស A089A13474Library Block A338 BRU 1997 A089 Or.
មជ្ឈមណ្ឌលឯការនៃសាកលវិទ្យាល័យភូមិន្ទកសិកម្មចំការដូង

Powered by Koha